000 00833nam0a22002651 4500
001 rc\3389177
005 20250609190327.0
021 _aRU
_b73-49772
021 _aRU
_bРг9671-73
035 _a(NLR Aleph) 007456871
090 _a7275221
_c7275221
100 _a20130115d1973 |||y0rusy50 ca
101 0 _arus
102 _aRU
105 _ay z |||||
200 1 _aМетодическое пособие по строевой подготовке
_fРиж. высш. воен. училище им. Маршала Сов. Союза Бирюзова С.С.
210 _aРига
_cБ. и.
_d1973
215 _a97 с.
_d15х21
700 1 _aАнанько
_bА.В.
701 1 _aПодчиненко
_bЕ.Т.
801 0 _aRU
_bNLR
_gpsbo
801 1 _aRU
_bELAR
_2rusmarc
852 _aNLR
_j73-4/19011
942 _cBOOK
980 _aNB